| 000 | 00788nam a22002297a 4500 | ||
|---|---|---|---|
| 999 |
_c14982 _d14982 |
||
| 003 | MIRAKIL | ||
| 005 | 20220907114824.0 | ||
| 008 | 220907b tu ||||| |||| 00| 0 tur d | ||
| 020 | _a9789759918835 | ||
| 040 |
_aTR-AnCHP _cTR-AnCHP |
||
| 041 | _aTur | ||
| 082 |
_a320.092 _bT64a 2008 |
||
| 100 | _aToker, Çiğdem | ||
| 245 | 1 | 0 |
_aAbdüllatif Şener : _b"adımda benimle beraber büyüdü" / _cÇiğdem Toker. |
| 246 | _a"adımda benimle beraber büyüdü" | ||
| 260 |
_aİstanbul : _bDoğan Egmont Yayıncılık, _c2008. |
||
| 300 |
_a495 s. : _bfotğ. ; _c23 sm. |
||
| 600 | 0 |
_97173 _aŞener, Abdüllatif _d1954- _cMilletvekili _xyaşamöyküsü |
|
| 650 | 0 |
_95055 _aSiyasetçiler _xYaşamöyküsü _zTürkiye |
|
| 740 | _a"adımda benimle beraber büyüdü" | ||
| 942 |
_2ddc _cBKS |
||